| 000 | 00680nam a2200253Ia 4500 | ||
|---|---|---|---|
| 003 | OSt | ||
| 005 | 20220918221144.0 | ||
| 006 | a|||||r|||| 00| 0 | ||
| 007 | ta | ||
| 008 | 220917b |||||||| |||| 00| 0 eng d | ||
| 024 | _a148,519 | ||
| 037 | _cTextual | ||
| 040 |
_aARTS _cARTS _beng |
||
| 041 |
_2eng _aeng |
||
| 082 | _aS9, L81 | ||
| 100 |
_aHutchison J B ed _9139343 |
||
| 245 | 0 | _aBiological determinants of sexual behavior | |
| 260 |
_aChichester _bJohn Wiley _c1978 |
||
| 300 |
_axv,822p. illus _ccm. |
||
| 500 | _aIncludes bib | ||
| 650 |
_aANIMAL BEHAVIOUR _929214 |
||
| 942 |
_hS9, L81 _cTEXL _2CC |
||
| 999 |
_c271196 _d271196 |
||